000 00472nam a2200205Ia 4500
003 0100
008 130303s9999 xx 000 0 und d
040 _cARRUPELIB
050 _aB3998.P81 2004
100 _aPopkin, Richard Henry
245 _aSpinoza
260 _aOxford
260 _bOneworld
260 _C2004
300 _a153p.
300 _b 22cm.
440 _aOneworld Philosophy Series
650 _bHoly Ghost Fathers, History
942 _2lcc
_01
999 _c62130
_d62130